000 00309nam a2200133 i 4500
001 bg
100 1 _aZIMAN, J. M.
245 0 _aWstęp do teorii ciała stałego /
_cM. J. Ziman.
260 _aWarszawa,
_c1977.
040 _cBPK
041 _apol
942 _cKS
008 s pl f |000 0 pol
999 _c17481
_d17481
856 _uhttp://koha.tu.koszalin.pl/cgi-bin/koha/opac-detail.pl?biblionumber=17481
_yKatalog online BPK